UM Logo

Complete guide to primary dance / (Record no. 1524)

MARC details
000 -LEADER
fixed length control field 00740nam a22002297a 4500
003 - CONTROL NUMBER IDENTIFIER
control field OSt
005 - DATE AND TIME OF LATEST TRANSACTION
control field 20160923141607.0
008 - FIXED-LENGTH DATA ELEMENTS--GENERAL INFORMATION
fixed length control field 160404b xxu||||| |||| 00| 0 eng d
020 ## - INTERNATIONAL STANDARD BOOK NUMBER
International Standard Book Number 978-1-4504-2850-7
040 ## - CATALOGING SOURCE
Transcribing agency LIC
082 ## - DEWEY DECIMAL CLASSIFICATION NUMBER
Edition number 2014
Classification number DC 372.868
Item number P161
100 ## - MAIN ENTRY--PERSONAL NAME
9 (RLIN) 4698
Personal name Paine, Lyn
245 ## - TITLE STATEMENT
Title Complete guide to primary dance /
Statement of responsibility, etc. Lyn Paine, National Dance Teachers Association
260 ## - PUBLICATION, DISTRIBUTION, ETC. (IMPRINT)
Place of publication, distribution, etc. Champaign, IL :
Name of publisher, distributor, etc. Human Kinetics,
Date of publication, distribution, etc. ©2014.
300 ## - PHYSICAL DESCRIPTION
Extent xi, 107 pages:
Other physical details illustrations ;
Dimensions 30 cm.
365 ## - TRADE PRICE
Price amount 4,501.20
Currency code Php
500 ## - GENERAL NOTE
General note Includes bibliographical references.
650 #0 - SUBJECT ADDED ENTRY--TOPICAL TERM
9 (RLIN) 4699
Topical term or geographic name as entry element Dance
General subdivision Study and teaching (Primary)
650 #0 - SUBJECT ADDED ENTRY--TOPICAL TERM
9 (RLIN) 4700
Topical term or geographic name as entry element Dance
General subdivision Curricula
650 #0 - SUBJECT ADDED ENTRY--TOPICAL TERM
9 (RLIN) 4701
Topical term or geographic name as entry element Movement education
942 ## - ADDED ENTRY ELEMENTS (KOHA)
Source of classification or shelving scheme Dewey Decimal Classification
Koha item type Circulation
Holdings
Withdrawn status Lost status Source of classification or shelving scheme Damaged status Not for loan Collection code Home library Current library Date acquired Source of acquisition Total Checkouts Full call number Barcode Date last seen Copy number Cost, replacement price Price effective from Koha item type
    Dewey Decimal Classification     Circulation UM Digos College - LIC UM Digos College - LIC 09/25/2014 Purchased   DC 372.868 P161 2014 22460 06/08/2021 1 4501.20 04/04/2016 Circulation